Om 'n bruid te vang / (Record no. 166106)
[ view plain ]
| 000 -LEADER | |
|---|---|
| fixed length control field | 00755nam a2200241Ib 4500 |
| 003 - CONTROL NUMBER IDENTIFIER | |
| control field | 3228 |
| 005 - DATE AND TIME OF LATEST TRANSACTION | |
| control field | 20260225154253.0 |
| 008 - FIXED-LENGTH DATA ELEMENTS--GENERAL INFORMATION | |
| fixed length control field | 210817s9999 xx ed 000 1 AFR d |
| 020 ## - INTERNATIONAL STANDARD BOOK NUMBER | |
| International Standard Book Number | 9781869047795 (hardback) |
| 040 ## - CATALOGING SOURCE | |
| Original cataloging agency | MPL |
| Transcribing agency | 3228 |
| Language of cataloging | eng |
| Description conventions | Resource Description and Access |
| 041 ## - LANGUAGE CODE | |
| Language code of text/sound track or separate title | Afrikaans |
| 082 ## - DEWEY DECIMAL CLASSIFICATION NUMBER | |
| Classification number | LP AF ROSZ |
| 100 ## - MAIN ENTRY--PERSONAL NAME | |
| Personal name | Roszel, Renee |
| 9 (RLIN) | 10836 |
| Relator term | author |
| 245 #0 - TITLE STATEMENT | |
| Title | Om 'n bruid te vang / |
| Statement of responsibility, etc. | Renee Roszel ; vertaal deur Heila van Rensburg |
| 260 ## - PUBLICATION, DISTRIBUTION, ETC. | |
| Place of publication, distribution, etc. | Parklands : |
| Name of publisher, distributor, etc. | Jacklin Uitgewers , |
| Date of publication, distribution, etc. | ©2001, |
| -- | 2002. |
| 300 ## - PHYSICAL DESCRIPTION | |
| Extent | 188 Pages : |
| Dimensions | 21 cm |
| 490 ## - SERIES STATEMENT | |
| Series statement | MIlls & Boon in Afrikaans |
| 655 #0 - INDEX TERM--GENRE/FORM | |
| 9 (RLIN) | 189056 |
| Genre/form data or focus term | Afrikaans Fiction |
| 655 #0 - INDEX TERM--GENRE/FORM | |
| 9 (RLIN) | 198295 |
| Genre/form data or focus term | Large Print |
| 655 #0 - INDEX TERM--GENRE/FORM | |
| 9 (RLIN) | 188216 |
| Genre/form data or focus term | Light Romance |
| 700 ## - ADDED ENTRY--PERSONAL NAME | |
| 9 (RLIN) | 198614 |
| Personal name | Van Rensburg, Heila |
| Relator term | translator |
| 942 ## - ADDED ENTRY ELEMENTS | |
| item type | Books |
| Source of classification or shelving scheme | Dewey Decimal Classification |
| -- | 296 |
| -- | Phillipina Naude |
| Withdrawn status | Lost status | Source of classification or shelving scheme | Damaged status | Not for loan | Home library | Current library | Date acquired | Full call number | Barcode | Date last seen | Price effective from | item type | Collection code | Shelving location | Cost, normal purchase price | Total Checkouts | Public note |
|---|---|---|---|---|---|---|---|---|---|---|---|---|---|---|---|---|---|
| Dewey Decimal Classification | Ermelo(main) Public Library | Ermelo(main) Public Library | 08.11.2024 | LP AF ROSZ | 33228012478366 | 08.11.2024 | 08.11.2024 | Books | Fiction | Fiction | 109.90 | ||||||
| Dewey Decimal Classification | Middelburg Regional Library | Jeremiah Madonsela Public Library | 18.08.2021 | LP AF ROSZ | 33228016669481 | 18.08.2021 | 18.08.2021 | Books | |||||||||
| Dewey Decimal Classification | Klipfontein PL (MMID-PLEM-KLIP) | Klipfontein PL (MMID-PLEM-KLIP) | 25.02.2026 | LP AF ROSZ | 33228009926286 | 25.02.2026 | 25.02.2026 | Books | Fiction | Fiction | 0940055915/C |